000 01154nam a2200229Ia 4500
999 _c38609
_d38609
001 4751
003 GE_BSU
005 20190916162658.0
008 181216s1983||||ge |||||||||||||| ||geo||
040 _cGE_BSU
041 _ageo
080 _a347.771(075.8)+608.3(075.8) პ-21
245 _aპატენტმცოდნეობა :
_bსახელმძღვ. უმაღლ. სასწ. სტუდენტებისათვის /
_c ე. არტემიევი, ვ. რიასენცევი, ა. დორკინი და სხვა ; თარგმანი ნ. ხუციშვილისა
264 _a თბ. :
_bმეცნიერება,
_c1983.
300 _a373გვ. ;
_b21სმ.
653 _aპატენტმცოდნეობა
700 _aარტემიევი, ე.
_eავტორი
_94032
700 _aრიასენცევი, ვ.
_eავტორი
_94033
700 _aდორკინი, ა. და სხვ.
_eავტორი
_94034
700 _aხუციშვილი, ნ.
_eრედაქტორი
_94035
942 _cBK
_2udc